Państwa europejskie bez litery O - Statystyki

Ogólne statystyki
  • Ten quiz został rozwiązany 1 134 razy
  • Średni wynik to 22 z 25
Statystyki odpowiedzi
Kraj % Poprawnych
Hiszpania
96%
Czechy
95%
Francja
94%
Litwa
94%
Niemcy
94%
Szwecja
94%
Finlandia
93%
Ukraina
92%
Belgia
91%
Wielka Brytania
91%
Grecja
89%
Albania
88%
Dania
88%
Irlandia
88%
Austria
86%
Islandia
86%
Węgry
86%
Luksemburg
85%
Watykan
85%
Liechtenstein
84%
Bułgaria
83%
Szwajcaria
83%
Rumunia
81%
Serbia
81%
Malta
77%
Nie znaleziono quizów pasujących do podanych kryteriów
Rozkład punktacji
Procent ludzi z każdym wynikiem
Percentyl według liczby udzielonych odpowiedzi
Twoja historia wyników
Nie rozwiązałeś tego quizu